000 00296nam a2200121 a 4500
005 20140414131901.0
008 090317s19uu xx 00 eng d
050 _aFIC
_bC58 1970
100 _aCleary, Beverly
245 _aRunaway Ralph.
260 _aNew York :
_bAvon,
_c1970.
999 _c110660
_d110660